Normal view
MARC view
- Chandra R
Entry Personal Name
001 - CONTROL NUMBER
- control field: 112547
003 - CONTROL NUMBER IDENTIFIER
- control field: OSt
005 - DATE AND TIME OF LATEST TRANSACTION
- control field: 20230125044302.0
008 - FIXED-LENGTH DATA ELEMENTS
- fixed length control field: 230125|| aca||aabn | a|a d
040 ## - CATALOGING SOURCE
- Original cataloging agency: OSt
- Transcribing agency: OSt
100 ## - HEADING--PERSONAL NAME
- Personal name: Chandra R
670 ## - SOURCE DATA FOUND
- Source citation: Work cat.: (OSt)89521: Chandra R, Rubber and plastic waste, 1998